Statystyki dla Gminy Powiatu Kępińskiego

Kliknij tutaj aby rozwiązać quiz!

Ogólne statystyki

  • Ten quiz został rozwiązany 22 razy
  • Średni wynik to 5 z 7

Statystyki odpowiedzi

HintOdpowiedź% Poprawnych
miejsko-wiejskaKępno
100%
wiejskaBaranów
77%
wiejskaŁęka Opatowska
69%
wiejskaTrzcinica
69%
wiejskaBralin
62%
wiejskaRychtal
62%
wiejskaPerzów
54%

Rozkład punktacji

Percentyl według liczby udzielonych odpowiedzi

Procent ludzi z każdym wynikiem

Twoja historia wyników

Nie rozwiązałeś tego quizu